Rozvoj mechanizace stavebnictví

Bibliographic Details
Main Authors: Mejvald, Karel (Author), Pokorný, Josef (Author)
Format: Article
Language:Czech

MARC

LEADER 00000nab a2200000uu 4500
001 vtls011448469
003 SK-MaSNL
005 20260303151350.0
008 230222|1976 xo |||||||||||||||||cze|
015 |a SNBRB 
035 |a (urnnbn)urn:nbn:sk:snk:ar-005esm 
035 |a (uuid)0b0d2337-acdb-4d46-a715-ba8ddd1f9380 
035 |a urn:nbn:sk:snk-abcl3w 
040 |a SNKBUCL  |b slo  |c SNKBUCL  |e AACR2 
041 0 |a cze 
044 |a xo  |c SK 
100 1 |a Mejvald, Karel  |4 aut  |9 1170851 
245 1 0 |a Rozvoj mechanizace stavebnictví  |c Karel Mejvald, Josef Pokorný 
700 1 |a Pokorný, Josef  |4 aut  |9 589652 
773 0 |t Technická práca : časopis Ústřední rady Čs. vědecko-technické společnosti  |g Roč. 28, č. 12 (1976), s. 11-16 
958 |a OND 
958 |a EUIPO 
958 |a article16 
999 |c 2017362  |d 2019292